000 00978nam a2200253 4500
001 144859
003 ES-MaACL
005 20250902070715.0
007 t|
008 070214s1967 sp r ||||1| spa d
080 _a658
100 1 _aSimeray, Jean-Paul.
_9106469
245 1 0 _aPrincipios y aplicaciones del control de gestión /
_cJ. P. Simeray ; traducción de Mª Carmen Balzategui.
260 _aBilbao :
_bDeusto,
_c1967.
300 _a112 p. :
_bil. ;
_c22 cm.
490 1 _aManuales practicos de Gestión de empresas. Serie E ;
_v1
490 1 _aColección "Manuales Prácticos de Gestión de Empresas" Serie E ;
_v1
650 0 7 _aGestión de empresas
_2embne
_912210
700 1 _aBalzategui, María Carmen.
_925140
830 0 0 _aManuales prácticos de gestión de empresas (Deusto)
_v1
_9220714
830 0 0 _aManuales prácticos de gestión de empresas (Deusto)
_v1
_9220714
852 _aES-MaACL
_jC-32755
_bR.63053
999 _c144859
_d144859